[Event "Match"]
[Site "www.echecsemail.com"]
[Date "2019.09.22"]
[Round "1"]
[White "Apdash"]
[Black "Calponas"]
[WhiteElo "2180"]
[BlackElo "2050"]
[Result "0-1"]
[Round "1"]
1.d4 f5
2.Ng1f3 Ng8f6
3.Bc1g5 e6
4.e3 Bf8e7
5.Nf3e5 O-O
6.Bf1c4 d6
7.Ne5d3 a6
8.Qd1f3 Nb8c6
9.Qf3xf5 d5
10.Bc4xd5 Nf6xd5
11.Bg5xe7 Qd8xe7
12.Qf5h5 Nd5f6
13.Qh5g5 Nf6e4
14.Qg5xe7 Nc6xe7
15.O-O b6
16.f3 Ne4d6
17.b3 Bc8b7
18.c4 Ra8d8
19.Nb1c3 Nd6f5
20.Rf1e1 Ne7g6
21.Kf2 h5
22.h3 h4
23.Nc3e2 c5
24.Nd3e5 Ng6xe5
25.dxe5 Rd8d2
26.e4 Nf5g3
27.Ke3 Rf8d8
28.Ne2xg3 hxg3
29.Re1g1 g5
30.f4 Rd8d3

0-1

[Event "Match"]
[Site "www.echecsemail.com"]
[Date "2019.09.23"]
[Round "1"]
[White "Tonino1"]
[Black "Liencam2"]
[WhiteElo "2180"]
[BlackElo "2190"]
[Result "0-1"]
[Round "1"]
1.d4 Ng8f6
2.Ng1f3 g6
3.e3 Bf8g7
4.Bf1d3 d6
5.O-O O-O
6.Nb1d2 Nb8d7
7.c3 e5
8.e4 Nf6h5
9.g3 Nd7b6
10.d5 f5
11.h4 fxe4
12.Nd2xe4 Bc8h3
13.Rf1e1 Nh5f6
14.Bc1g5 Nb6xd5
15.Qd1b3 Kh8
16.Kh2 Qd8d7
17.c4 Nf6g4
18.Kxh3 Rf8xf3
19.Kg2 Ra8f8
20.cxd5 Ng4xf2
21.Bg5e3 Qd7h3
 { time }
0-1

[Event "Tourn. n10203"]
[Site "www.echecsemail.com"]
[Date "2019.09.23"]
[Round "1"]
[White "Roma753"]
[Black "Fabos12"]
[WhiteElo "1709"]
[BlackElo "1750"]
[Result "1-0"]
[Round "1"]
1.d4 d5
2.Bc1f4 Bc8f5
3.e3 e6
4.Ng1f3 Bf8e7
5.Nb1d2 c5
6.c4 Nb8c6
7.a3 Ng8f6
8.h3 h6
9.dxc5 Be7xc5
{ time. }
1-0

[Event "Match"]
[Site "www.echecsemail.com"]
[Date "2019.09.23"]
[Round "1"]
[White "Liencam2"]
[Black "Silverking"]
[WhiteElo "2220"]
[BlackElo "2370"]
[Result "1-0"]
[Round "1"]
1.e4 e6
2.d4 d5
3.Nb1d2 c5
4.Ng1f3 Nb8c6
5.exd5 exd5
6.Bf1b5 Bc8d7
7.O-O cxd4
8.Nd2b3 Ng8f6
9.Bc1g5 Bf8e7
10.Rf1e1 O-O
11.Nb3xd4 Ra8c8
12.c3 Bd7g4
13.Qd1d3 Be7c5
14.Bb5xc6 bxc6
15.Nf3e5 Bg4h5
16.Ne5xc6 Rc8xc6
17.Nd4xc6 Bc5xf2
18.Kh1 Qd8d6
19.Nc6e7 Kh8
20.Re1f1 Nf6g4
21.Qd3h3 g6
22.Ra1d1 Qd6e5
23.Rd1xd5 Qe5e2
24.Qh3d3 Qe2xd3
25.Rd5xd3 f6
26.h3 Bf2c5
27.hxg4 Bc5xe7
28.gxh5 fxg5
29.Rf1xf8 Be7xf8
30.hxg6 { resign }
1-0

[Event "Tourn. n10037"]
[Site "www.echecsemail.com"]
[Date "2019.09.23"]
[Round "1"]
[White "Obisporey"]
[Black "Jaroslavpech"]
[WhiteElo "2590"]
[BlackElo "2590"]
[Result "0-1"]
[Round "1"]
1.e4 e6
2.d4 d5
3.Nb1c3 Bf8b4
4.e5 c5
5.a3 Bb4xc3
6.bxc3 Ng8e7
7.Qd1g4 O-O
8.Bf1d3 c4
9.Bc1h6 Ne7g6
10.Bd3xg6 fxg6
11.Bh6e3 Qd8e8
12.h4 Nb8c6
13.Ng1h3 Bc8d7
14.Nh3f4 Nc6e7
15.h5 gxh5
16.Rh1xh5 Ne7g6
17.Nf4xg6 Qe8xg6
18.Qg4xg6 hxg6
19.Rh5h3 Kf7
20.Kd2 Rf8h8
21.Ra1h1 Rh8xh3
22.Rh1xh3 Ra8f8
23.Be3g5 Kg8
24.f3 Rf8f7
25.Rh3h4 Bd7a4
26.Rh4g4 Rf7f5
27.Bg5e7 Rf5h5
28.Be7c5 b6
29.Bc5b4 a5
30.Bb4d6 Rh5h1
31.Rg4xg6 Kf7
32.Rg6g4 Rh1b1
33.Rg4f4 Kg8
34.Rf4f8 Kh7
35.Bd6c7 Rb1b2
36.Ke1 Rb2xc2
37.Bc7xb6 Rc2xc3
38.Bb6xa5 Rc3e3
39.Kf2 Re3xa3
40.Rf8c8 Ra3d3
41.Rc8a8 Rd3xd4
42.Ba5c3 Rd4d3
43.Ra8xa4 Rd3xc3
44.Ra4a6 d4
45.Ra6xe6 Rc3c2
46.Ke1 Rc2xg2
47.Re6d6 c3
48.Kd1 Rg2d2
49.Kc1 g5
50.Rd6f6 Rd2f2
51.Rf6d6 Rf2xf3
52.Rd6xd4 Rf3e3
53.Kc2 Kg6
54.e6 Re3xe6
55.Kxc3 Kf5
56.Rd4d7 g4
57.Rd7f7 Re6f6
{ resign }
0-1

[Event "Match"]
[Site "www.echecsemail.com"]
[Date "2019.09.23"]
[Round "1"]
[White "Tbsundar"]
[Black "Jesmantiz"]
[WhiteElo "2150"]
[BlackElo "2170"]
[Result "1-0"]
[Round "1"]
1.d4 f5
2.e4 fxe4
3.Nb1c3 d5
4.Qd1h5 g6
5.Qh5xd5 Qd8xd5
6.Nc3xd5 Bc8e6
7.Nd5xc7 Kd7
8.Nc7xa8 Ng8f6
9.c4 Bf8g7
10.d5 Be6f7
11.g3 Nb8a6
12.Bf1h3 e6
13.f3 Rh8xa8
14.Bc1g5 exf3
15.Ng1xf3 Nf6e4
16.Ra1d1 Ne4d6
17.b3 h6
18.Bg5f4 Bg7c3
19.Kf2 Nd6f5
20.dxe6 Kxe6
21.Bf4xh6 Kf6
22.Bh6g5 Kg7
23.Rd1d7 Na6c5
24.Bh3xf5 gxf5
25.Rd7c7 Nc5e4
26.Kg2 Kg6
27.Bg5f4 b6
28.Bf4e5 Bc3b4
29.Nf3h4 Kh5
30.Rc7xf7 Ra8e8
31.Rf7xf5 Kh6
32.Rh1d1 Re8e6
33.Rd1d7 a5
34.Be5f4 { resign }
1-0

[Event "Match"]
[Site "www.echecsemail.com"]
[Date "2019.09.23"]
[Round "1"]
[White "Geodad5"]
[Black "Apdash"]
[WhiteElo "2130"]
[BlackElo "2180"]
[Result "0-1"]
[Round "1"]
1.e4 c5
2.Ng1f3 d6
3.d4 cxd4
4.Nf3xd4 Nb8c6
5.Bc1e3 g6
6.Nb1d2 Bf8g7
7.c3 Ng8f6
8.f3 O-O
9.Nd2b3 Bc8e6
10.Nd4xe6 fxe6
11.Qd1d2 d5
12.exd5 exd5
13.Bf1d3 e5
14.O-O-O a5
15.Nb3c5 Qd8c8
16.Nc5a4 d4
17.Be3f2 Nc6b4
18.Na4b6 dxc3
19.bxc3 Nb4xd3
20.Qd2xd3 Qc8e6
21.Qd3c2 Ra8a6
22.Qc2b3 Qe6xb3
23.axb3 e4
24.Nb6a4 exf3
25.gxf3 b5
26.Na4b2 Nf6h5
27.Rd1d3 Nh5f4
28.Rd3e3 Nf4h3
29.Bf2g3 Bg7h6
30.f4 Nh3xf4
{ resign }
0-1

[Event "Tourn. n10203"]
[Site "www.echecsemail.com"]
[Date "2019.09.23"]
[Round "1"]
[White "Hansen"]
[Black "Roma753"]
[WhiteElo "1770"]
[BlackElo "1709"]
[Result "0-1"]
[Round "1"]
1.e4 e6
2.Ng1f3 d5
3.d3 dxe4
4.Nf3e5 exd3
5.Bf1xd3 Nb8d7
6.Qd1h5 Qd8e7
7.Bc1g5 Ng8f6
8.Qh5h4 Nd7xe5
9.Bd3e2 Qe7b4
10.Qh4xb4 Bf8xb4
11.c3 Bb4e7
12.Nb1d2 O-O
13.Ra1d1 h6
14.Bg5xf6 Be7xf6
15.Nd2e4 Bf6e7
16.g3 b6
17.f4 Bc8b7
18.Rd1d4 Bb7xe4
19.Rd4xe4 Ne5g6
20.Be2h5 Kh7
21.Rh1f1 Be7d6
22.f5 exf5
23.Rf1xf5 Ra8e8
24.Bh5f3 Re8xe4
25.Bf3xe4 Kg8
26.Ke2 Ng6e5
27.h3 g6
28.Rf5f6 Kg7
29.Rf6f4 Ne5c4
30.Rf4f3 Rf8e8
31.Kd3 Nc4e5
32.Ke3 Ne5xf3
33.Kxf3 Bd6xg3
34.Be4c6 Re8e6
35.Bc6d5 Re6d6
36.Bd5e4 Bg3e5
37.h4 Rd6d2
38.b4 Be5xc3
39.Be4c6 Bc3xb4
40.a4 Bb4d6
41.Ke4 f5
42.Ke3 Rd2h2
43.Kd4 Rh2xh4
44.Kd5 f4
45.Ke6 f3
46.Bc6xf3 Rh4xa4
47.Kd7 a5
48.Bf3d1 Ra4d4
49.Bd1f3 a4
50.Ke6 a3
{ resign }
0-1

[Event "Tourn. n10190"]
[Site "www.echecsemail.com"]
[Date "2019.09.24"]
[Round "1"]
[White "Foxy100"]
[Black "Jerome"]
[WhiteElo "2480"]
[BlackElo "2470"]
[Result "0-1"]
[Round "1"]
1.e4 c5
2.Ng1f3 e6
3.d4 cxd4
4.Nf3xd4 Ng8f6
5.Nb1c3 d6
6.Bf1e2 a6
7.O-O Bf8e7
8.f4 Qd8c7
9.Kh1 O-O
10.Bc1e3 Nb8c6
11.Be2f3 Bc8d7
12.Rf1e1 Nc6xd4
13.Be3xd4 e5
14.Bd4e3 b5
15.a3 a5
16.Qd1d3 Ra8b8
17.b4 Rf8c8
18.Nc3d5 Nf6xd5
19.exd5 Be7f6
20.Ra1c1 axb4
21.axb4 Qc7c4
22.Bf3e4 g6
23.Rc1b1 Bf6g7
24.Qd3xc4 bxc4
25.fxe5 Bg7xe5
26.Kg1 Rc8e8
27.Be4f3 Be5c3
{ resign }
0-1

[Event "Tourn. n10182"]
[Site "www.echecsemail.com"]
[Date "2019.09.24"]
[Round "1"]
[White "Ditto"]
[Black "Odin"]
[WhiteElo "1870"]
[BlackElo "1850"]
[Result "1-0"]
[Round "1"]
1.e4 e5
2.Ng1f3 Ng8f6
3.Bf1c4 Nf6xe4
4.Nf3xe5 d5
5.Bc4b3 Qd8e7
6.d4 Qe7h4
7.Qd1f3 Bc8e6
8.Bc1f4 Bf8d6
9.Nb1d2 O-O
10.Nd2xe4 dxe4
11.Qf3xe4 Nb8c6
12.O-O Be6xb3
13.axb3 Rf8e8
14.Qe4f3 Nc6xe5
15.dxe5 Bd6xe5
16.Bf4xe5 Re8xe5
17.Ra1a4 Qh4e7
18.Qf3xb7 Ra8e8
19.Ra4a1 Re5e1
20.Qb7xa7 Re1xf1
21.Kxf1  { time }
1-0

[Event "Match"]
[Site "www.echecsemail.com"]
[Date "2019.09.24"]
[Round "1"]
[White "Estonia"]
[Black "Apdash"]
[WhiteElo "1920"]
[BlackElo "2190"]
[Result "0-1"]
[Round "1"]
1.c4 e6
2.d4 c6
3.Nb1c3 d5
4.e4 Bf8b4
5.cxd5 cxd5
6.e5 Nb8c6
7.a3 Bb4a5
8.Bf1b5 Bc8d7
9.b4 Ba5b6
10.Bc1e3 Ng8e7
11.Ng1e2 a6
12.Bb5xc6 Ne7xc6
13.O-O Ra8c8
14.Nc3a4 O-O
15.Na4c5 Bb6xc5
16.bxc5 b6
17.Qd1d3 bxc5
18.Ne2g3 cxd4
19.Be3xd4 Qd8a5
20.Ng3h5 Nc6e7
21.Qd3g3 Ne7g6
22.h4 Rc8c4
23.Rf1d1 Bd7a4
24.Rd1d3 Ba4c2
25.Rd3d1 Bc2xd1
26.Ra1xd1 Qa5a4
27.Nh5f6 Kh8
28.Rd1d3 Rc4xd4
29.Rd3xd4 Qa4xd4
30.Nf6g4 Qd4f4
31.h5 Qf4xg3
32.fxg3 Ng6e7
33.h6 f5
34.hxg7 Kxg7
35.Ng4e3 Ne7c6
36.g4 f4
{ resign }
0-1

[Event "Tourn. n10200"]
[Site "www.echecsemail.com"]
[Date "2019.09.24"]
[Round "1"]
[White "Francesco"]
[Black "Bigrezi"]
[WhiteElo "2110"]
[BlackElo "2180"]
[Result "0-1"]
[Round "1"]
1.e4 e6
2.d4 d5
3.exd5 exd5
4.Bf1d3 Bc8e6
5.Ng1f3 Nb8c6
6.c3 Ng8f6
7.O-O Bf8d6
8.Rf1e1 O-O
9.Bc1g5 h6
10.Bg5xf6 Qd8xf6
11.Nb1d2 a5
12.Qd1c2 a4
13.Re1e2 Bd6f4
14.Ra1e1 Be6g4
15.Bd3h7 Kh8
16.Bh7d3 Rf8d8
17.h3 Bf4xd2
18.Qc2xd2 Bg4xf3
19.gxf3 Qf6xf3
20.Re2e3 Qf3f6
21.Re3g3 Rd8e8
22.Re1f1 Nc6a5
23.Kh2 Na5c4
24.Bd3xc4 dxc4
25.Rf1g1 Ra8a6
26.Rg3xg7 Qf6xg7
27.Rg1xg7 Kxg7
28.Kg3 Ra6e6
29.Qd2f4 c6
30.Qf4g4 Re6g6
{ resign }
0-1

[Event "Tourn. n10212"]
[Site "www.echecsemail.com"]
[Date "2019.09.24"]
[Round "1"]
[White "Virgil08bv"]
[Black "Coolant"]
[WhiteElo "2680"]
[BlackElo "2370"]
[Result "1-0"]
[Round "1"]
1.e4 c5
2.Ng1f3 e6
3.d4 cxd4
4.Nf3xd4 a6
5.Bf1d3 Ng8f6
6.O-O Qd8c7
7.Qd1e2 Bf8d6
8.Kh1 Nb8c6
9.Nd4xc6 dxc6
10.f4 e5
11.f5 b5
12.a4 Bc8b7
13.Bc1e3 O-O-O
14.axb5 cxb5
15.c4 b4
16.c5 Bd6e7
17.Bd3xa6 Nf6xe4
18.c6 Qc7xc6
19.Ba6xb7 Kxb7
20.Ra1a7 Kb8
21.Ra7xe7 { resign }
1-0

[Event "Tourn. n10138"]
[Site "www.echecsemail.com"]
[Date "2019.09.24"]
[Round "1"]
[White "Pdebonis"]
[Black "Seger"]
[WhiteElo "2730"]
[BlackElo "2830"]
[Result "1/2-1/2"]
[Round "1"]
1.d4 c6
2.e4 d5
3.e5 c5
4.dxc5 e6
5.Ng1f3 Bf8xc5
6.Bf1d3 Nb8c6
7.O-O f6
8.Qd1e2 fxe5
9.Nf3xe5 Nc6xe5
10.Qe2xe5 Ng8f6
11.c4 O-O
12.Nb1c3 b6
13.Ra1b1 Qd8d7
14.b4 Bc5d6
15.Qe5e2 a6
16.Bc1g5 Bc8b7
17.c5 bxc5
18.bxc5 Bd6xc5
19.Nc3a4 Qd7xa4
20.Qe2xe6 Kh8
21.Rb1xb7 Ra8e8
22.Qe6h3 Nf6e4
23.Bg5e3 Bc5xe3
24.Qh3xe3 Qa4xa2
25.Qe3d4 Ne4f6
26.g3 a5
27.Kg2 Qa2d2
28.Rb7b2 Qd2h6
29.Rb2a2 Nf6e4
30.f4 Qh6f6
31.Qd4xf6 Ne4xf6
32.Ra2xa5 g6
33.Kf3 Re8e7
34.Rf1f2 Rf8b8
35.Rf2a2 d4
36.Kg2 Kg7
37.Ra5a4 Re7d7
38.Bd3c4 h5
39.Ra4a3 { draw }
1/2-1/2

[Event "Tourn. n10157"]
[Site "www.echecsemail.com"]
[Date "2019.09.24"]
[Round "1"]
[White "Ranjachess"]
[Black "Andychesston"]
[WhiteElo "1940"]
[BlackElo "1970"]
[Result "0-1"]
[Round "1"]
1.d4 d5
2.Nb1c3 Ng8f6
3.Bc1f4 a6
4.e3 Bc8f5
5.Bf1d3 Bf5g6
6.Qd1e2 e6
7.a3 Bf8e7
8.O-O-O O-O
9.Bd3xg6 fxg6
10.Nc3a4 Nf6e4
11.f3 Ne4d6
12.Na4c5 Qd8c8
13.e4 b6
14.Nc5d3 Nb8c6
15.c3 Nc6a5
16.b4 Nd6b5
17.Qe2b2 Na5c4
18.Qb2a2 Nb5xc3
19.Qa2b3 Nc3b5
20.a4 Nb5xd4
21.Qb3c3 c5
22.g4 Qc8b7
23.Rd1e1 Ra8c8
24.Kd1 Nd4c6
25.exd5 exd5
26.Ng1h3 cxb4
27.Qc3c2 Nc6d4
28.Qc2f2 Nd4b3
29.Re1e2 Rf8xf4
30.Nh3xf4 d4
31.Rh1e1 Nc4e3
32.Re2xe3 dxe3
33.Re1xe3 Qb7d7
34.Qf2b2 Rc8c1
35.Ke2 Nb3d4
36.Kf2 Rc1c2
37.Qb2xc2 Nd4xc2
38.Re3e6 Be7h4
39.Kg2 Nc2e1
40.Nd3xe1 Bh4xe1
41.Re6xe1 g5
42.Nf4h5 Qd7d2
43.Kf1 Qd2d3
44.Kg1 Qd3xf3
45.Nh5g3 Qf3xg4
46.Kg2 b3
47.h3 Qg4d7
48.Ng3e4 h6
49.Kg3 b2
50.Ne4c3 Qd7d3
51.Kg2 Qd3xc3
52.Kf2 Qc3xe1
53.Kxe1 b1Q
54.Ke2 Qb1a2
55.Kf3 Qa2xa4
56.Kg2 b5
57.Kf3 b4
58.Kg4 b3
59.Kh5 b2
60.h4 Qa4xh4
61.Kg6 b1Q

0-1

[Event "Tourn. n10195"]
[Site "www.echecsemail.com"]
[Date "2019.09.24"]
[Round "1"]
[White "Malbertan"]
[Black "Amaya"]
[WhiteElo "2050"]
[BlackElo "2030"]
[Result "1-0"]
[Round "1"]
1.e4 e6
2.d4 d5
3.Nb1c3 Bf8b4
4.e5 Ng8e7
5.Qd1g4 c5
6.a3 Bb4xc3
7.bxc3 Qd8c7
8.Bf1d3 Ne7g6
9.Ng1e2 O-O
10.O-O cxd4
11.cxd4 f5
12.Qg4g5 Nb8d7
13.h4 Ng6h8
14.Ne2f4 Nd7b6
15.Bc1e3 Nh8f7
16.Qg5g3 Nb6c4
17.Nf4h5 g6
18.Nh5f6 { time. }
1-0

[Event "1/64 Finale"]
[Site "www.chess-mail.com"]
[Date "2019.09.24"]
[Round "1"]
[White "Fabos12"]
[Black "Esperanza"]
[WhiteElo "1750"]
[BlackElo "2050"]
[Result "0-1"]
[Round "1"]
1.d4 Ng8f6
2.c4 e5
3.d5 Bf8c5
4.h3 O-O
5.Ng1f3 d6
6.Nb1c3 Nf6e8
7.g4 f5
8.Bc1g5 { time. }
0-1

[Event "Fast Game"]
[Site "www.echecsemail.com"]
[Date "2019.09.24"]
[Round "1"]
[White "Hennie4820"]
[Black "Grevillea"]
[WhiteElo "1540"]
[BlackElo "1599"]
[Result "0-1"]
[Round "1"]
1.e4 e5
2.Ng1f3 Nb8c6
3.Bf1c4 d6
4.d4 exd4
5.c3 dxc3
6.Qd1b3 cxb2
7.Bc4xf7 Ke7
8.Qb3e6 Bc8xe6
{ resign }
0-1

[Event "Tourn. n10202"]
[Site "www.echecsemail.com"]
[Date "2019.09.25"]
[Round "1"]
[White "Tonino1"]
[Black "Ssharp"]
[WhiteElo "2250"]
[BlackElo "2340"]
[Result "0-1"]
[Round "1"]
1.d4 g6
2.Ng1f3 Bf8g7
3.e3 d6
4.Bf1d3 Ng8f6
5.O-O O-O
6.Nb1d2 b6
7.Qd1e2 Bc8b7
8.c3 a6
9.e4 e6
10.e5 Nf6d7
11.exd6 cxd6
12.Nd2e4 Bb7xe4
13.Bd3xe4 d5
14.Be4d3 Qd8c8
15.Bc1e3 Nb8c6
16.Qe2d2 Rf8e8
17.Be3f4 b5
18.Rf1e1 Qc8b7
19.a4 Nc6a5
20.Qd2c2 Re8c8
21.Nf3e5 Nd7xe5
22.Bf4xe5 Bg7xe5
23.Re1xe5 Na5c6
24.Re5e3 Nc6xd4
25.Qc2d1 Nd4c6
26.b4 Nc6a7
27.Qd1b3 Qb7c6
28.Bd3e2 Rc8c7
29.a5 Ra8c8
30.Ra1c1 Qc6d6
31.g3 d4
32.Re3d3 Qd6e5
33.Be2f3 Rc7xc3
34.Rd3xc3 Rc8xc3
35.Rc1xc3 Qe5e1
36.Kg2 Qe1xc3
37.Qb3xc3 dxc3
38.Bf3e4 Na7c6
 { time }
0-1

[Event "Tourn. n10194"]
[Site "www.echecsemail.com"]
[Date "2019.09.25"]
[Round "1"]
[White "Numanoid"]
[Black "Galiany17"]
[WhiteElo "2750"]
[BlackElo "2390"]
[Result "1/2-1/2"]
[Round "1"]
1.d4 Ng8f6
2.Nb1c3 d5
3.Bc1g5 Nb8d7
4.Ng1f3 g6
5.Qd1d2 Bf8g7
6.Bg5h6 O-O
7.Bh6xg7 Kxg7
8.h4 h5
9.Nf3g5 b6
10.O-O-O Bc8b7
11.Kb1 e5
12.e3 Qd8e7
13.f4 e4
14.f5 Nf6g4
15.fxg6 fxg6
16.Rd1c1 Rf8f2
17.Nc3e2 c5
18.Ng5h3 { draw }
1/2-1/2

[Event "Tourn. n10200"]
[Site "www.echecsemail.com"]
[Date "2019.09.25"]
[Round "1"]
[White "Bojan"]
[Black "Luban"]
[WhiteElo "2040"]
[BlackElo "2170"]
[Result "0-1"]
[Round "1"]
1.e4 c5
2.Ng1f3 d6
3.d4 cxd4
4.Nf3xd4 Ng8f6
5.Nb1c3 a6
6.h3 e6
7.Bf1d3 b5
8.b4 Bc8b7
9.Qd1e2 Nb8c6
10.Nd4xc6 Bb7xc6
11.f3 Bf8e7
12.Bc1e3 O-O
13.Qe2d2 d5
14.Nc3e2 dxe4
15.Ne2d4 Bc6b7
16.Bd3e2 exf3
17.Nd4xf3 Qd8xd2
18.Be3xd2 Rf8d8
19.a3 Ra8c8
20.Ra1c1 Nf6e4
21.Bd2e3 Be7f6
22.O-O Bf6b2
23.Be3b6 Rd8d6
24.Rc1b1 Rc8xc2
25.Be2d1 Rc2c1
26.Rb1xc1 Bb2xc1
27.Bb6a7 Bc1xa3
28.Nf3e5 Ne4f6
29.Ba7c5 Rd6d2
30.Bd1f3 Bb7xf3
31.Rf1xf3 Ba3b2
32.Ne5c6 Nf6d5
33.Nc6b8 Bb2d4
34.Bc5xd4 Rd2xd4
35.Nb8xa6 Nd5xb4
36.Rf3c3 g6
37.Na6b8 Rd4c4
38.Rc3b3 e5
39.Kf1 e4
40.Nb8d7 Kg7
41.Nd7e5 Rc4c5
42.Ne5xg6 hxg6
43.Rb3xb4 f5
44.Rb4b2 Kf6
45.Ke2 Ke5
46.Ke3 f4
47.Ke2 Kd5
48.h4 Kc4
49.Rb2c2 Kb4
50.Rc2b2 Ka3
51.Rb2b1 Rc5c2
52.Kf1 b4
53.g4 b3
54.h5 gxh5
55.gxh5 Rc2h2
56.Rb1a1 Kb2
57.Ra1a4 Rh2xh5
58.Ra4xe4 Rh5c5
59.Re4xf4 Kb1
60.Ke2 b2
61.Kd2 Rc5a5
62.Kc3 Ka1
{ resign }
0-1

[Event "Tourn. n10193"]
[Site "www.echecsemail.com"]
[Date "2019.09.25"]
[Round "1"]
[White "Fantomas"]
[Black "Amaya"]
[WhiteElo "2140"]
[BlackElo "2030"]
[Result "1-0"]
[Round "1"]
1.e4 e6
2.e5 d5
3.exd6 Bf8xd6
4.d4 Ng8f6
5.Ng1f3 O-O
6.Bf1d3 Nf6d5
7.O-O Nb8d7
8.c3 Nd5f4
9.Bd3c2 Nd7f6
10.Nb1d2 b6
11.Nd2e4 Nf6xe4
12.Bc2xe4 Ra8b8
13.b3 Bc8a6
14.Rf1e1 Qd8f6
15.c4 c5
16.Nf3e5 Bd6xe5
17.dxe5 Qf6g5
18.Qd1f3 Qg5xg2
19.Qf3xg2 Nf4xg2
20.Kxg2 f5
21.exf6 Rf8xf6
22.Bc1g5 Rf6f7
23.Be4c6 Rb8f8
24.Re1e2 Rf7f5
25.Bg5h4 g5
26.Bh4g3 Ba6c8
27.Ra1d1 h5
28.Bc6e4 Rf5f7
29.Be4g6 Rf7d7
30.Rd1xd7 Bc8xd7
31.Bg6xh5 Bd7c6
32.Kh3 Bc6d7
33.Re2e5 { resign }
1-0

[Event "Match"]
[Site "www.echecsemail.com"]
[Date "2019.09.25"]
[Round "1"]
[White "Apdash"]
[Black "Said13"]
[WhiteElo "2150"]
[BlackElo "1809"]
[Result "1/2-1/2"]
[Round "1"]
1.e4 c5
2.Ng1f3 d6
3.d4 cxd4
4.Nf3xd4 Ng8f6
5.Nb1c3 a6
6.Bc1g5 e6
7.Bf1e2 Qd8b6
8.Nd4b3 Bf8e7
9.Bg5e3 Qb6c7
10.O-O b5
11.Qd1d2 O-O
12.f3 Nb8d7
13.Ra1d1 Bc8b7
14.a3 Nd7b6
15.Qd2d4 Nb6c4
16.Be2xc4 bxc4
17.Nb3d2 d5
18.e5 Nf6e8
19.f4 Ra8c8
20.Nc3a4 Qc7c6
21.Na4c3 Ne8c7
22.Qd4b6 Nc7b5
23.Nc3xb5 axb5
{ draw }
1/2-1/2

[Event "Match"]
[Site "www.echecsemail.com"]
[Date "2019.09.25"]
[Round "1"]
[White "Chapi"]
[Black "Ditto"]
[WhiteElo "2080"]
[BlackElo "1820"]
[Result "1-0"]
[Round "1"]
1.d4 d5
2.c4 c6
3.Nb1c3 Bc8f5
4.Ng1f3 e6
5.Bc1f4 Nb8d7
6.cxd5 cxd5
7.e3 Bf8b4
8.Bf1d3 Bf5g4
9.O-O Qd8f6
10.Qd1a4 Bb4xc3
11.bxc3 Ng8e7
12.Nf3e5 Bg4h5
13.Ne5xd7 Qf6h4
14.Nd7b6 Ne7c6
15.Nb6xa8 O-O
16.Na8c7 Qh4e7
17.Nc7b5 a6
18.Nb5a3 Qe7f6
19.Ra1b1 Qf6e7
20.Na3c2 Qe7h4
21.Rb1xb7 Nc6d8
22.Rb7b8 Qh4e7
23.Nc2b4 Qe7a7
24.Qa4xa6 Qa7xa6
25.Bd3xa6 Bh5g6
26.Ba6b5 Bg6f5
27.Bf4d6 { resign }
1-0

[Event "Match"]
[Site "www.echecsemail.com"]
[Date "2019.09.25"]
[Round "1"]
[White "Cvilhena1976"]
[Black "Tonino1"]
[WhiteElo "2340"]
[BlackElo "2130"]
[Result "1-0"]
[Round "1"]
1.e4 d6
2.d4 Ng8f6
3.Nb1c3 c6
4.f4 Qd8a5
5.Bf1d3 d5
6.Bc1d2 Qa5c7
7.e5 Bc8g4
8.Ng1f3 Nf6d7
9.h3 Bg4xf3
10.Qd1xf3 e6
11.f5 Bf8b4
12.fxe6 fxe6
13.O-O Rh8f8
14.Qf3h5 Kd8
15.Bd2g5 Kc8
16.Rf1xf8 Nd7xf8
17.Qh5e8  { time }
1-0

[Event "Tourn. n10159"]
[Site "www.echecsemail.com"]
[Date "2019.09.25"]
[Round "1"]
[White "Aperturaf"]
[Black "Asoka"]
[WhiteElo "2710"]
[BlackElo "2750"]
[Result "1-0"]
[Round "1"]
1.e4 c6
2.d4 d5
3.e5 Bc8f5
4.Bf1e2 e6
5.Ng1f3 h6
6.O-O Nb8d7
7.Nb1d2 Ng8e7
8.Nd2b3 Ra8c8
9.Bc1d2 Ne7g6
10.a4 h5
11.a5 Bf8e7
12.c3 O-O
13.Nf3e1 c5
14.Be2xh5 Ng6h8
15.Bh5g4 Bf5xg4
16.Qd1xg4 b6
17.f4 f5
18.exf6 Rf8xf6
19.Ne1f3 Nh8f7
20.Rf1e1 Nd7f8
21.axb6 axb6
22.Nf3g5 Nf7h6
23.Qg4d1 Nh6f5
24.Ng5f3 Rf6f7
25.Nf3e5 Rf7f6
26.Qd1h5 Nf5d6
27.Bd2e3 Nd6c4
28.g3 Nc4xe5
29.dxe5 Rf6f7
30.h4 d4
31.cxd4 Qd8d5
32.Qh5d1 c4
33.Nb3c1 b5
34.Qd1d2 Nf8d7
35.Nc1a2 Nd7b6
36.Na2c3 Qd5c6
37.Qd2g2 b4
38.Nc3e4 Nb6d5
39.Be3f2 c3
40.bxc3 bxc3
41.Re1c1 Rf7f8
42.Kh2 Rc8c7
43.Qg2f3 Be7b4
44.Ra1a2 Qc6c4
45.Ra2a1 Bb4e7
46.Qf3g4 Qc4c6
47.Qg4g6 Be7xh4
48.Ra1a3 c2
49.Ne4c5 Nd5xf4
50.gxf4 Bh4xf2
51.Nc5xe6 Bf2xd4
52.Ra3h3 Bd4xe5
53.Qg6h7 Kf7
54.Qh7f5 Be5f6
55.Ne6xc7 Qc6xc7
56.Qf5d5 { resign }
1-0

[Event "Match"]
[Site "www.echecsemail.com"]
[Date "2019.09.25"]
[Round "1"]
[White "Mapudungo"]
[Black "Diselman"]
[WhiteElo "1499"]
[BlackElo "1279"]
[Result "1-0"]
[Round "1"]
1.e4 c5
2.Ng1f3 e6
3.d4 cxd4
4.Nf3xd4 Ng8f6
5.Nb1c3 d6
6.Bc1e3 a6
7.Qd1f3 Nb8d7
8.a4 Qd8a5
9.Nd4b3 Qa5c7
10.O-O-O Nd7b6
11.Rd1d4 Bf8e7
12.Qf3g3 Nf6h5
13.Qg3h3 e5
14.Qh3xh5 exd4
15.Nb3xd4 Be7d8
16.a5 g6
17.Qh5h6 Nb6d7
18.Nc3d5 Qc7xa5
19.b4 Qa5a3
20.Kb1 Rh8f8
21.Be3c1 Nd7b6
22.Bc1xa3 { resign }
1-0

[Event "Match"]
[Site "www.echecsemail.com"]
[Date "2019.09.26"]
[Round "1"]
[White "Stevep84"]
[Black "Tonino1"]
[WhiteElo "2320"]
[BlackElo "2170"]
[Result "1-0"]
[Round "1"]
1.e4 d6
2.d4 Ng8f6
3.Nb1c3 c6
4.f4 Qd8a5
5.Bf1d3 d5
6.e5 Nf6e4
7.Bd3xe4 dxe4
8.Bc1d2 Qa5d8
9.Bd2e3 e6
10.Ng1e2 Nb8d7
11.Nc3xe4 Qd8c7
12.O-O Bf8e7
13.a3 O-O
14.c4 b6
15.b4 Bc8a6
16.Ra1c1 Ra8d8
17.d5 cxd5
18.cxd5 Ba6xe2
19.Qd1xe2 Qc7b8
20.d6  { time }
1-0

[Event "Match"]
[Site "www.echecsemail.com"]
[Date "2019.09.26"]
[Round "1"]
[White "Diselman"]
[Black "Bjonil60"]
[WhiteElo "1279"]
[BlackElo "1470"]
[Result "1-0"]
[Round "1"]
1.e3 Nb8c6
2.d4 d5
3.c4 e6
4.Bc1d2 Qd8e7
5.Nb1c3 Ng8f6
6.a3 b6
7.Bf1e2 g6
8.Ng1f3 Bc8a6
9.Qd1b3 h6
10.Qb3a4 Qe7d7
11.Qa4xa6 Nc6b8
12.Qa6b7 Qd7c6
13.Qb7c8 Ke7
14.Nf3e5 Qc6d6
15.Nc3b5 Qd6d8
16.Bd2b4 Ke8
17.Nb5xc7 
1-0

[Event "Tourn. n10197"]
[Site "www.echecsemail.com"]
[Date "2019.09.26"]
[Round "1"]
[White "Mapudungo"]
[Black "Fereike"]
[WhiteElo "1499"]
[BlackElo "1540"]
[Result "0-1"]
[Round "1"]
1.d4 e6
2.e4 d5
3.Nb1c3 c5
4.exd5 exd5
5.dxc5 Bf8xc5
6.Bf1b5 Nb8c6
7.Qd1xd5 Qd8xd5
8.Nc3xd5 Bc5d6
9.Ng1e2 Ng8e7
10.Nd5c7 Bd6xc7
11.O-O O-O
{ resign }
0-1

[Event "Tourn. n10216"]
[Site "www.echecsemail.com"]
[Date "2019.09.26"]
[Round "1"]
[White "Luban"]
[Black "Fantomas"]
[WhiteElo "2130"]
[BlackElo "2130"]
[Result "0-1"]
[Round "1"]
1.d4 d5
2.Ng1f3 Ng8f6
3.e3 e6
4.a3 Bf8d6
5.c4 dxc4
6.Bf1xc4 O-O
7.O-O c6
8.Nb1c3 Qd8c7
9.e4 Bd6e7
10.Bc1e3 b6
11.Ra1c1 Bc8b7
12.Rf1e1 Rf8d8
13.Qd1c2 Nf6g4
14.Be3g5 Be7xg5
15.Nf3xg5 Qc7xh2
16.Kf1 Qh2f4
17.Ng5f3 h6
18.Bc4a2 Nb8d7
19.d5 exd5
20.exd5 c5
21.Re1e4 Ng4h2
22.Nf3xh2 Qf4xh2
23.g3 Bb7a6
24.Ke1 Nd7f6
25.Re4h4 Qh2g1
26.Kd2 Qg1xf2
27.Kd1 Qf2f3
28.Kd2 Qf3xg3
29.Rc1h1 Nf6g4
{ resign }
0-1

[Event "Tourn. n10194"]
[Site "www.echecsemail.com"]
[Date "2019.09.26"]
[Round "1"]
[White "Numanoid"]
[Black "Gandalf50"]
[WhiteElo "2750"]
[BlackElo "2410"]
[Result "1/2-1/2"]
[Round "1"]
1.d4 Ng8f6
2.Nb1c3 d5
3.Bc1g5 Nb8d7
4.Ng1f3 h6
5.Bg5f4 c6
6.e3 b6
7.Bf1d3 Bc8b7
8.Nf3e5 e6
9.O-O Nd7xe5
10.Bf4xe5 Bf8b4
11.Nc3e2 Nf6g4
12.Be5g3 Bb4d6
13.Bg3xd6 Qd8xd6
14.Ne2g3 Ng4f6
15.Ng3h5 { draw }
1/2-1/2

[Event "Tourn. n10210"]
[Site "www.echecsemail.com"]
[Date "2019.09.26"]
[Round "1"]
[White "Luban"]
[Black "Apdash"]
[WhiteElo "2130"]
[BlackElo "2190"]
[Result "0-1"]
[Round "1"]
1.d4 d5
2.Ng1f3 e6
3.a3 Ng8f6
4.e3 c5
5.c4 cxd4
6.Nf3xd4 Nb8c6
7.cxd5 Nc6xd4
8.Qd1xd4 Qd8xd5
9.Qd4xd5 Nf6xd5
10.Bc1d2 Bc8d7
11.Nb1c3 a6
12.Bf1c4 Nd5xc3
13.Bd2xc3 b5
14.Bc4e2 Bd7c6
15.O-O f6
16.Rf1d1 Bf8e7
17.Rd1d2 Ra8d8
18.Ra1d1 Kf7
19.Bc3a5 Rd8xd2
20.Rd1xd2 f5
21.Be2f3 Bc6xf3
22.gxf3 Rh8c8
23.Rd2d7 Ke8
24.Rd7a7 Rc8c6
25.Kf1 Kf8
26.Ke2 Rc6c2
27.Kf1 Rc2xb2
28.Ra7xa6 Be7xa3
29.Ba5c3 Rb2b1
30.Ke2 Ba3e7
31.Ra6xe6 Kf7
32.Re6b6 b4
33.Bc3d4 Rb1h1
34.Bd4e5 g6
35.Rb6b7 Ke6
36.Be5g3 Rh1b1
37.Kd3 h5
38.Kc2 Rb1f1
39.e4 fxe4
40.fxe4 h4
41.Rb7b6 Kf7
42.Bg3e5 Rf1xf2
43.Kb3 Rf2e2
44.Rb6b7 Ke6
45.Be5f4 Re2xe4
46.Bf4b8 g5
47.Rb7b6 Kf5
48.Rb6b5 Kg4
49.Bb8e5 Kh3
{ resign }
0-1